000 00716nam a22002057a 4500
005 20241204112248.0
010 _aENG-142826
020 _c575.00
035 _aEN-126358
037 _bDBAD
082 _a934.0954
_21
100 _aTripathy, Bhagabat
_974638
245 _aThe Archaeological Treasures of Northern Odisha/
_cby Bhagabat Tripathy
250 _aFirst
260 _aNew Delhi
_bAravali Books International (P) Ltd.
_c2013
270 _bNew Delhi
_aW-30, Okhla Industrial Area, Phase II,
_e110020
_k2638883032
_k47173300
_l26388829
_maravaliprinters@gmail.com
300 _a234p.
_c24cm(hbk)
700 _atranslated by Geshe Thupten Jinpa
_974635
942 _2ddc
_cEN
_h934.0954
_mTRI
999 _c207389
_d207389